| 000 | 01094nam a2200313 i 4500 | ||
|---|---|---|---|
| 003 | DO-SdBNP | ||
| 005 | 20240610155603.0 | ||
| 007 | ta | ||
| 008 | 111024s2022 cu 000 f spa d | ||
| 020 | _a9789591024923 | ||
| 040 |
_aDO-SdBNP _bspa _cBNPHU _erda |
||
| 082 | 4 |
_aCu863.4 _bC297s, 2022 _222 |
|
| 100 | 1 |
_aCarpentier, Alejo, _d1904-1980 _98634 _eautor |
|
| 245 | 1 | 3 |
_aEl siglo de las luces / _cAlejo Carpentier ; edición anotada, Rafael Rodríguez Beltrán, Analay Medero Alvarez |
| 250 | _aedición anotada | ||
| 264 |
_aLa Habana, Cuba : _bLetras cubanas, _c2022. |
||
| 300 |
_a371 páginas ; _c23 cm. |
||
| 336 |
_2rdacontent _atexto _btxt |
||
| 337 |
_2rdamedia _asin mediación _bn |
||
| 338 |
_2rdacarrier _avolumen _bnc |
||
| 500 | _aIncluye referencias bibliográficas y notas al pie de las páginas | ||
| 590 | _aInventariado, 2024/BT | ||
| 650 | 4 |
_aNovela cubana _92316 |
|
| 650 | 4 |
_aLiteratura cubana _91483 |
|
| 700 | 1 |
_aRodríguez Beltrán, Rafael, _eedición _985622 |
|
| 700 | 1 |
_aMedero Alvarez, Analay, _eedición _985623 |
|
| 910 | _aBtavárez | ||
| 942 |
_2ddc _cLBS1 |
||
| 999 |
_c56800 _d56800 |
||